| 000 | 00613nam a22002057a 4500 | ||
|---|---|---|---|
| 999 |
_c131 _d131 |
||
| 003 | AR-CdUCM | ||
| 008 | 190221b ||||| |||| 00| 0 spa d | ||
| 040 |
_aMUNICIPALIDAD PROVINCIAL DEL CUSCO _cBIBLIOTECA MUNICIPAL DEL CUSCO |
||
| 082 |
_a869.56 / _bC23L |
||
| 100 |
_aCalvo, César _9634 |
||
| 245 | _aLos lobos aúllan contra Bulgaria / | ||
| 260 |
_aPerú : _bKotosh, _c1990. |
||
| 300 |
_a90 páginas ; _c20 cm. |
||
| 650 |
_aCésar Calvo _9635 |
||
| 650 |
_aAtentado contra Juan Pablo II _9636 |
||
| 650 |
_aCrónica _9637 |
||
| 650 |
_aRelatos _9195 |
||
| 942 |
_2ddc _cLIBROS |
||
| 945 |
_alccs _d2019-02-21 |
||